[Event "M.Chigorin Memorial"]
[Site "St. Petersburg RUS"]
[Date "2009.10.18"]
[Round "3.4"]
[White "Kokarev, Dmitry"]
[Black "Simonian, Hrair"]
[Result "1/2-1/2"]
[WhiteElo "2630"]
[BlackElo "2513"]
[PlyCount "78"]
[EventDate "2009.??.??"]

1. e4 e5 2. Nf3 Nc6 3. Bb5 Nf6 4. O-O Nxe4 5. d4 Nd6 6. Bxc6 dxc6 7. dxe5 Nf5
8. Qxd8+ Kxd8 9. Nc3 Ne7 10. Re1 Bg4 11. Ng5 Ke8 12. h3 Bf5 13. Nce4 h6 14. Nf3
Rd8 15. b3 Ng6 16. g4 Be6 17. Kg2 Bb4 18. Bd2 Bxd2 19. Nexd2 c5 20. Kg3 h5 21.
Ne4 h4+ 22. Kh2 b6 23. Nc3 a5 24. a3 Ke7 25. Re3 Rd7 26. Rc1 Rhd8 27. Kg1 c4
28. b4 axb4 29. axb4 Ra8 30. Kf1 Kf8 31. Ng1 Nf4 32. Nge2 Nd5 33. Nxd5 Rxd5 34.
Nc3 Rd4 35. Ke2 Ke7 36. Nb5 Rd7 37. Nc3 Rd4 38. Nb5 Rd7 39. Nc3 Rd4 1/2-1/2

[Event "M.Chigorin Memorial"]
[Site "St. Petersburg RUS"]
[Date "2009.10.18"]
[Round "3.5"]
[White "Al Sayed, Mohamad N"]
[Black "Volkov, Sergey"]
[Result "0-1"]
[WhiteElo "2515"]
[BlackElo "2616"]
[PlyCount "76"]
[EventDate "2009.??.??"]

1. d4 d5 2. c4 c6 3. Nc3 Nf6 4. e3 a6 5. Nf3 b5 6. c5 g6 7. Ne5 Bg7 8. Be2 O-O
9. O-O a5 10. a3 Qc7 11. Bd2 Ne4 12. f4 Be6 13. Bd3 Nxd2 14. Qxd2 Nd7 15. b4
Nxe5 16. fxe5 f6 17. exf6 Rxf6 18. Ne2 Rxf1+ 19. Rxf1 axb4 20. axb4 Bf7 21. e4
dxe4 22. Bxe4 Qd7 23. Qe3 Bc4 24. Bd3 Bxd3 25. Qxd3 Qd5 26. Qe3 Bf6 27. Kh1 Kh8
28. h3 g5 29. Kh2 Ra2 30. Rxf6 exf6 31. Qe7 Kg8 32. Qe8+ Kg7 33. Qe7+ Qf7 34.
Qe4 Kf8 35. Ng3 Qd5 36. Qxd5 cxd5 37. Nf5 Rb2 38. Nd6 Ke7 0-1

[Event "M.Chigorin Memorial"]
[Site "St. Petersburg RUS"]
[Date "2009.10.18"]
[Round "3.6"]
[White "Negi, Parimarjan"]
[Black "Romanenko, Vladimir"]
[Result "1/2-1/2"]
[WhiteElo "2615"]
[BlackElo "2505"]
[PlyCount "48"]
[EventDate "2009.??.??"]

1. e4 c5 2. Nf3 Nc6 3. Nc3 Nf6 4. Bb5 Qc7 5. O-O Nd4 6. Nxd4 cxd4 7. Nd5 Nxd5
8. exd5 a6 9. Bd3 g6 10. c4 Bg7 11. Re1 Bf6 12. b3 O-O 13. Qf3 d6 14. Bb2 Bg7
15. Qe4 Bf5 16. Qe2 e5 17. dxe6 Bxe6 18. Qf3 Qa5 19. Be4 Qxd2 20. Bxb7 Rab8 21.
Rab1 Qa5 22. Ra1 Qd2 23. Rab1 Qa5 24. Ra1 Qd2 1/2-1/2

[Event "M.Chigorin Memorial"]
[Site "St. Petersburg RUS"]
[Date "2009.10.18"]
[Round "3.7"]
[White "Gabrielian, Artur"]
[Black "Khairullin, Ildar"]
[Result "1/2-1/2"]
[WhiteElo "2513"]
[BlackElo "2604"]
[PlyCount "64"]
[EventDate "2009.??.??"]

1. c4 Nf6 2. Nc3 e5 3. g3 d5 4. cxd5 Nxd5 5. Bg2 Nb6 6. Nf3 Nc6 7. d3 Be7 8. a3
Be6 9. O-O O-O 10. b4 f6 11. Bb2 Qd7 12. Ne4 Nd8 13. Rc1 Na4 14. Ba1 a5 15. d4
exd4 16. Qxd4 c6 17. Qxd7 Bxd7 18. Rfd1 Be6 19. Nd6 axb4 20. axb4 Bd5 21. e4
Bxd6 22. exd5 Bxb4 23. dxc6 Nxc6 24. Nd4 Rad8 25. Nxc6 Rxd1+ 26. Rxd1 bxc6 27.
Bxc6 Nc5 28. Bd5+ Kh8 29. Rb1 Ba3 30. h4 Nd7 31. Bb7 Ne5 32. Bxe5 fxe5 1/2-1/2

[Event "M.Chigorin Memorial"]
[Site "St. Petersburg RUS"]
[Date "2009.10.18"]
[Round "3.8"]
[White "Vokarev, Sergey"]
[Black "Fedorov, Alexei"]
[Result "0-1"]
[WhiteElo "2505"]
[BlackElo "2600"]
[PlyCount "78"]
[EventDate "2009.??.??"]

1. e4 c5 2. Nf3 e6 3. c4 a6 4. Nc3 Qc7 5. Be2 b6 6. O-O Bb7 7. Re1 Nc6 8. b3
Bd6 9. Bb2 Nge7 10. h3 O-O 11. d4 cxd4 12. Nxd4 Nxd4 13. Qxd4 Bc5 14. Qd3 f5
15. e5 Ng6 16. Bf3 Nf4 17. Qd1 Rad8 18. Na4 d6 19. exd6 Bxd6 20. Bxb7 Qxb7 21.
Qf3 Qxf3 22. gxf3 b5 23. cxb5 axb5 24. Nc3 Nd3 25. Nxb5 Nxb2 26. Rxe6 Bc5 27.
Re2 Nd3 28. Kf1 Rd7 29. a4 Rfd8 30. Rc2 Nf4 31. Kg1 Bb6 32. b4 Rd5 33. Rc6 Rb8
34. Nd6 Rd2 35. a5 Bxf2+ 36. Kh1 Bg3 37. a6 Rh2+ 38. Kg1 Nxh3+ 39. Kf1 Rf2+ 0-1

[Event "M.Chigorin Memorial"]
[Site "St. Petersburg RUS"]
[Date "2009.10.18"]
[Round "3.9"]
[White "Popov, Valerij"]
[Black "Klimov, Sergey"]
[Result "1/2-1/2"]
[WhiteElo "2595"]
[BlackElo "2501"]
[PlyCount "169"]
[EventDate "2009.??.??"]

1. Nf3 Nf6 2. c4 g6 3. d4 Bg7 4. g3 O-O 5. Bg2 d5 6. cxd5 Nxd5 7. O-O Nb6 8.
Nc3 Nc6 9. e3 Re8 10. Re1 e5 11. d5 Na5 12. e4 c6 13. Bg5 f6 14. Be3 Nbc4 15.
Qe2 Nxe3 16. Qxe3 Qe7 17. Nd2 Bd7 18. a3 b6 19. b4 Nb7 20. Bf1 c5 21. Ba6 cxb4
22. axb4 Nd6 23. Qe2 f5 24. Nc4 Nxe4 25. Nxe4 fxe4 26. d6 Qf6 27. Bb7 Rad8 28.
Rxa7 b5 29. Nb6 Qxd6 30. Nxd7 Qxd7 31. Qxe4 Qd2 32. Rf1 Qd4 33. Ra5 Qxe4 34.
Bxe4 Rd4 35. Bc6 Rb8 36. Rc1 Bf8 37. Bxb5 Bxb4 38. Ra7 Rxb5 39. Rc8+ Bf8 40.
Raa8 Kg7 41. Rxf8 Rb7 42. h4 Rf7 43. Rxf7+ Kxf7 44. Ra7+ Kg8 45. Re7 h5 46.
Rxe5 Kf7 47. Kg2 Kf6 48. Re3 Ra4 49. Kf3 Kf5 50. Rb3 Ra2 51. Ke3 Ra4 52. Rb5+
Kf6 53. Rd5 Rb4 54. Rd4 Rb2 55. Rc4 Ra2 56. f3 Ra6 57. Kf4 Rb6 58. Ke3 Re6+ 59.
Re4 Ra6 60. g4 hxg4 61. fxg4 Ra1 62. Kf4 Rf1+ 63. Kg3 Rg1+ 64. Kh2 Ra1 65. Rf4+
Kg7 66. Rf3 Rb1 67. Kg2 Ra1 68. g5 Ra4 69. Kg3 Rb4 70. Rf4 Rb1 71. Kf3 Rb3+ 72.
Ke4 Rb4+ 73. Ke5 Rb5+ 74. Kd6 Rb6+ 75. Kc7 Rb1 76. Kc6 Rc1+ 77. Kd5 Re1 78. Re4
Rf1 79. Re7+ Kg8 80. Rc7 Rf2 81. Rc4 Kg7 82. Rd4 Rf1 83. Ke5 Rf5+ 84. Ke6 Rf1
85. Rd7+ 1/2-1/2

[Event "M.Chigorin Memorial"]
[Site "St. Petersburg RUS"]
[Date "2009.10.18"]
[Round "3.10"]
[White "Petrosian, Davit G"]
[Black "Turov, Maxim"]
[Result "1/2-1/2"]
[WhiteElo "2504"]
[BlackElo "2595"]
[PlyCount "50"]
[EventDate "2009.??.??"]

1. e4 c6 2. d4 d5 3. e5 Bf5 4. Nc3 e6 5. g4 Bg6 6. Nge2 Qh4 7. Bf4 Qxg4 8. Qd2
f6 9. h4 fxe5 10. dxe5 Bh5 11. Bh3 Qxh4 12. Bg2 Qg4 13. Ng3 Bf7 14. f3 Qg6 15.
Bf1 Nh6 16. Bd3 Nf5 17. O-O-O Bc5 18. Na4 Nd7 19. b4 Be3 20. Bxe3 Qxg3 21. Bf4
Qxf3 22. Rdf1 Qg4 23. Rfg1 Qf3 24. Rf1 Qg4 25. Rfg1 Qf3 1/2-1/2

[Event "M.Chigorin Memorial"]
[Site "St. Petersburg RUS"]
[Date "2009.10.18"]
[Round "3.11"]
[White "Deviatkin, Andrei"]
[Black "Badmatsyrenov, Oleg"]
[Result "1-0"]
[WhiteElo "2593"]
[BlackElo "2437"]
[PlyCount "135"]
[EventDate "2009.??.??"]

1. d4 Nf6 2. Nf3 e6 3. c4 c5 4. e3 b6 5. Be2 cxd4 6. Nxd4 a6 7. O-O Bb7 8. Bf3
Ra7 9. b3 Be7 10. Bb2 O-O 11. Bxb7 Rxb7 12. Nc3 d6 13. Qf3 Qc8 14. Rfd1 Re8 15.
Rac1 Rc7 16. Ne4 Nxe4 17. Qxe4 Nd7 18. h3 Bf8 19. Nf3 h6 20. Qg4 Rc6 21. Qg3
Qb8 22. Nd4 Rc5 23. Ba3 Rcc8 24. Ne2 Nc5 25. Bb2 Qb7 26. f3 e5 27. e4 b5 28.
Kh2 bxc4 29. Rxc4 Nxb3 30. Rxc8 Rxc8 31. axb3 Rc2 32. Ba3 Rxe2 33. Bxd6 Bxd6
34. Rxd6 Qxb3 35. Rxh6 Ra2 36. Rd6 Qe3 37. Rd8+ Kh7 38. Rd7 Kg8 39. Re7 Ra5 40.
Re8+ Kh7 41. Re7 Kg8 42. h4 Qf4 43. Qxf4 exf4 44. Kh3 Ra2 45. Re5 g6 46. h5 Kg7
47. hxg6 fxg6 48. Re6 g5 49. Rc6 a5 50. Ra6 a4 51. g3 Ra3 52. Kg4 fxg3 53. Kxg3
Kf7 54. Kg4 Kg7 55. Ra5 Kh6 56. Ra6+ Kg7 57. Ra8 Kh7 58. Rf8 Kh6 59. Rf6+ Kg7
60. Kxg5 Rb3 61. Rf5 a3 62. Kf4 Kg6 63. Ra5 Kf6 64. Ra6+ Ke7 65. Kg4 Re3 66.
Kf4 Rb3 67. e5 Kd7 68. Ke4 1-0

[Event "M.Chigorin Memorial"]
[Site "St. Petersburg RUS"]
[Date "2009.10.18"]
[Round "3.12"]
[White "Epishin, Vladimir"]
[Black "Alavkin, Arseny"]
[Result "1/2-1/2"]
[WhiteElo "2590"]
[BlackElo "2428"]
[PlyCount "55"]
[EventDate "2009.??.??"]

1. d4 d5 2. Nf3 Nf6 3. c4 e6 4. Bg5 Be7 5. Nc3 O-O 6. e3 h6 7. Bh4 Ne4 8. Bxe7
Qxe7 9. Rc1 c6 10. Be2 Nxc3 11. Rxc3 dxc4 12. Rxc4 Nd7 13. O-O e5 14. Qc2 exd4
15. Nxd4 Nf6 16. a3 Bd7 17. h3 Rad8 18. Bf3 Nh7 19. b4 Ng5 20. Bg4 Rfe8 21.
Bxd7 Qxd7 22. Rc1 Ne6 23. Nb3 Qe7 24. Re4 Rd5 25. Nc5 Red8 26. Qe2 R8d6 27. h4
h5 28. g3 1/2-1/2

[Event "M.Chigorin Memorial"]
[Site "St. Petersburg RUS"]
[Date "2009.10.18"]
[Round "3.13"]
[White "Bellaiche, Anthony"]
[Black "Romanov, Evgeny"]
[Result "0-1"]
[WhiteElo "2435"]
[BlackElo "2588"]
[PlyCount "116"]
[EventDate "2009.??.??"]

1. d4 d5 2. c4 c6 3. Nf3 Nf6 4. Nc3 dxc4 5. a4 Bf5 6. Ne5 Na6 7. f3 Nd7 8. Nxd7
Bxd7 9. e4 e5 10. Bxc4 exd4 11. Qxd4 Nb4 12. Ke2 Qe7 13. Rb1 Be6 14. Bxe6 Qxe6
15. Rd1 c5 16. Qd2 Be7 17. Kf1 Rd8 18. Qe2 Rxd1+ 19. Nxd1 O-O 20. Nc3 Rd8 21.
Be3 Qb3 22. a5 h6 23. Qb5 Rd3 24. Qe8+ Kh7 25. Qxe7 Rxc3 26. Bxh6 gxh6 27. bxc3
Qxb1+ 28. Kf2 Nd3+ 29. Ke3 Kg7 30. e5 c4 31. Qf6+ Kg8 32. Qd8+ Kh7 33. Qf6 Qg1+
34. Ke4 Qxg2 35. Qxf7+ Qg7 36. Qxc4 Nxe5 37. Qd5 Nc6 38. a6 Qg6+ 39. Ke3 bxa6
40. Qd7+ Kg8 41. Qc8+ Kf7 42. Qxa6 Ne7 43. Qa4 Qg5+ 44. Kf2 a5 45. Qc4+ Nd5 46.
Qd4 Kg6 47. Qe4+ Kh5 48. c4 Nf4 49. Ke1 Qg1+ 50. Kd2 Qxh2+ 51. Ke3 Qg1+ 52. Kd2
Qg5 53. Kc3 Qf6+ 54. Kb3 Kg5 55. Ka4 h5 56. c5 Ne6 57. Kb5 Qf5 58. f4+ Kf6 0-1

[Event "M.Chigorin Memorial"]
[Site "St. Petersburg RUS"]
[Date "2009.10.18"]
[Round "3.14"]
[White "Serov, Maksim"]
[Black "Maletin, Pavel"]
[Result "0-1"]
[WhiteElo "2377"]
[BlackElo "2576"]
[PlyCount "62"]
[EventDate "2009.??.??"]

1. d4 Nf6 2. c4 e6 3. Nf3 d5 4. g3 Bb4+ 5. Bd2 Be7 6. Qc2 O-O 7. Bg2 c6 8. O-O
b6 9. Rd1 Ba6 10. b3 Nbd7 11. Bf4 Rc8 12. Nc3 h6 13. e4 dxc4 14. Nd2 b5 15.
bxc4 bxc4 16. Qa4 Bb5 17. Nxb5 Nb6 18. Qa6 cxb5 19. Qxb5 Qxd4 20. Qa6 Ng4 21.
Rf1 Bc5 22. Nf3 Qb2 23. Rab1 Qe2 24. h3 Bxf2+ 25. Kh1 Ne3 26. Nd4 Qd3 27. Bxe3
Qxe3 28. Nb5 Qxg3 29. Nxa7 Rcd8 30. Rxb6 Rd2 31. Qa5 Be3 0-1

[Event "M.Chigorin Memorial"]
[Site "St. Petersburg RUS"]
[Date "2009.10.18"]
[Round "3.15"]
[White "Kryakvin, Dmitry"]
[Black "Biriukov, Oleg V"]
[Result "1/2-1/2"]
[WhiteElo "2571"]
[BlackElo "2362"]
[PlyCount "51"]
[EventDate "2009.??.??"]

1. e4 c5 2. Nc3 Nc6 3. Nf3 g6 4. d4 cxd4 5. Nxd4 Bg7 6. Be3 Nf6 7. Be2 O-O 8.
f4 d6 9. Nb3 a5 10. a4 Be6 11. O-O Bxb3 12. cxb3 e6 13. Bf3 Nb4 14. Qe2 d5 15.
Rad1 Qe7 16. Qb5 Rfc8 17. Bf2 dxe4 18. Nxe4 Nxe4 19. Bxe4 Nc6 20. Bc5 Qc7 21.
Bd6 Qd7 22. Rd3 Rd8 23. Rfd1 Qc8 24. Rc1 Bxb2 25. Rc2 Bg7 26. Bxc6 1/2-1/2

[Event "M.Chigorin Memorial"]
[Site "St. Petersburg RUS"]
[Date "2009.10.18"]
[Round "3.16"]
[White "Melnikov, Dmitry"]
[Black "Yemelin, Vasily"]
[Result "0-1"]
[WhiteElo "2327"]
[BlackElo "2570"]
[PlyCount "42"]
[EventDate "2009.??.??"]

1. e4 c5 2. Nf3 Nc6 3. d4 cxd4 4. Nxd4 Qb6 5. Nb3 Nf6 6. Nc3 e6 7. g3 Bb4 8.
Bg2 Qa6 9. Bg5 d6 10. Bd2 e5 11. a3 Bxc3 12. Bxc3 O-O 13. Qxd6 Rd8 14. Qc5 Be6
15. Qe3 Bxb3 16. cxb3 Nd4 17. O-O-O Ng4 18. Qe1 Ne2+ 19. Kc2 Rxd1 20. Qxd1 Nxf2
21. Qd2 Nxh1 0-1

[Event "M.Chigorin Memorial"]
[Site "St. Petersburg RUS"]
[Date "2009.10.18"]
[Round "3.17"]
[White "Chadaev, Nikolai"]
[Black "Nukin, Askhat"]
[Result "1-0"]
[WhiteElo "2561"]
[BlackElo "2353"]
[PlyCount "75"]
[EventDate "2009.??.??"]

1. c4 e5 2. g3 h5 3. h4 Nc6 4. Bg2 Nf6 5. Nc3 d6 6. d3 g6 7. Bg5 Bg7 8. Nf3 Ne7
9. d4 Nh7 10. dxe5 Nxg5 11. hxg5 O-O 12. exd6 cxd6 13. O-O Be6 14. Rc1 Bxc4 15.
b3 Be6 16. Qd2 d5 17. Rfd1 Rc8 18. Nb5 Nc6 19. Nc3 d4 20. Ne4 Bd5 21. Qf4 Bxe4
22. Qxe4 Re8 23. Qc2 Qa5 24. Qd2 Qa6 25. Rc4 Rcd8 26. Rdc1 Re6 27. R1c2 b5 28.
Rc5 Bf8 29. Bh3 Bxc5 30. Bxe6 Bd6 31. Qd3 Kf8 32. Qe4 Ne7 33. Nxd4 Qb6 34. Qf3
f5 35. gxf6 Ng8 36. e3 Bc5 37. Rxc5 Qxc5 38. Qb7 1-0

[Event "M.Chigorin Memorial"]
[Site "St. Petersburg RUS"]
[Date "2009.10.18"]
[Round "3.18"]
[White "Gorkavij, Vadim"]
[Black "Evdokimov, Alexander A"]
[Result "0-1"]
[WhiteElo "2314"]
[BlackElo "2556"]
[PlyCount "64"]
[EventDate "2009.??.??"]

1. e4 c5 2. Nf3 e6 3. d4 cxd4 4. Nxd4 a6 5. Nc3 b5 6. Be2 Bb7 7. Bf3 Nc6 8.
Nxc6 Bxc6 9. O-O Ne7 10. Bg5 Qb8 11. Qd4 Ng6 12. Rad1 Qe5 13. Qd2 Bc5 14. Rfe1
O-O 15. Be3 Nh4 16. Bg4 b4 17. Bxc5 Qxc5 18. Nb1 f5 19. Qg5 Ng6 20. exf5 exf5
21. Bh5 Qxc2 22. Bxg6 hxg6 23. Qxg6 Qxb2 24. Re3 Rf6 25. Qg5 Raf8 26. Rg3 Re6
27. Nc3 Rf7 28. Qd8+ Kh7 29. Rh3+ Rh6 30. Rxh6+ gxh6 31. Nb1 Qe2 32. Rc1 Qe4
0-1

[Event "M.Chigorin Memorial"]
[Site "St. Petersburg RUS"]
[Date "2009.10.18"]
[Round "3.19"]
[White "Areshchenko, Alexander"]
[Black "Molchanova, Tatjana"]
[Result "1-0"]
[WhiteElo "2667"]
[BlackElo "2316"]
[PlyCount "93"]
[EventDate "2009.??.??"]

1. e4 c6 2. d4 d5 3. e5 Bf5 4. Nf3 e6 5. Be2 c5 6. Be3 Qb6 7. Nc3 Nc6 8. Na4
Qa5+ 9. c3 cxd4 10. Nxd4 Nxd4 11. Bxd4 Ne7 12. b4 Qc7 13. b5 Nc8 14. O-O Nb6
15. Qb3 Be7 16. Nxb6 axb6 17. a4 Bc5 18. a5 O-O 19. a6 Ra7 20. Qb2 Rb8 21. Rfc1
h6 22. c4 bxa6 23. cxd5 exd5 24. bxa6 Rba8 25. Bb5 Qc8 26. Qd2 Be6 27. Rc3 Rc7
28. Rac1 Raa7 29. Qe3 Qd8 30. Bxc5 bxc5 31. Rxc5 d4 32. Qd3 Rxc5 33. Rxc5 g6
34. h3 Bf5 35. Qc4 d3 36. Rd5 Qg5 37. h4 Qd2 38. Rd8+ Kh7 39. Qd4 Qc1+ 40. Kh2
Qc7 41. g3 Be6 42. Bxd3 Kg7 43. Qd6 Qxd6 44. exd6 Kf6 45. Bb5 Kf5 46. d7 Rc7
47. Rf8 1-0

[Event "M.Chigorin Memorial"]
[Site "St. Petersburg RUS"]
[Date "2009.10.18"]
[Round "3.20"]
[White "Kobalia, Mikhail"]
[Black "Shinkevich, Vitaly"]
[Result "1-0"]
[WhiteElo "2648"]
[BlackElo "2496"]
[PlyCount "71"]
[EventDate "2009.??.??"]

1. e4 e5 2. Nf3 Nc6 3. Bb5 a6 4. Ba4 Nf6 5. O-O Be7 6. Re1 b5 7. Bb3 d6 8. c3
O-O 9. d4 Bg4 10. Be3 Bd7 11. Bc2 Ng4 12. Bc1 Bh4 13. g3 Be7 14. Nbd2 Qc8 15.
Nf1 f5 16. dxe5 Ncxe5 17. Nxe5 dxe5 18. h3 Nxf2 19. Kxf2 f4 20. g4 h5 21. Nh2
Bh4+ 22. Kf3 Bg3 23. Kg2 hxg4 24. hxg4 Bxe1 25. Qxe1 f3+ 26. Nxf3 Bxg4 27. Bb3+
Be6 28. Qh4 Bxb3 29. axb3 Qe6 30. Be3 Qg6+ 31. Ng5 Rf6 32. Rh1 Qh6 33. Qg4 Qg6
34. Qh4 Qh6 35. Qg3 Qg6 36. Qh2 1-0

[Event "M.Chigorin Memorial"]
[Site "St. Petersburg RUS"]
[Date "2009.10.18"]
[Round "3.21"]
[White "Savchenko, Boris"]
[Black "Krylov, Mikhail"]
[Result "1-0"]
[WhiteElo "2638"]
[BlackElo "2489"]
[PlyCount "97"]
[EventDate "2009.??.??"]

1. d4 Nf6 2. c4 c5 3. d5 b5 4. cxb5 a6 5. bxa6 Bxa6 6. Nf3 d6 7. Nc3 g6 8. Nd2
Qa5 9. Qc2 Bg7 10. Rb1 Nbd7 11. b3 O-O 12. g3 Nb6 13. b4 cxb4 14. Nb3 Ne4 15.
Nxe4 Qxd5 16. Bg2 Rfc8 17. Qd1 Qxd1+ 18. Kxd1 Na4 19. Bd2 d5 20. Ng5 Nc3+ 21.
Bxc3 bxc3 22. Kc2 Bxe2 23. Nc1 Bc4 24. f4 Bxa2 25. Rb4 e6 26. Nf3 Rcb8 27.
Rxb8+ Rxb8 28. Nxa2 Rb2+ 29. Kd3 Rxa2 30. Bh3 Rf2 31. Ke3 Rb2 32. Rc1 g5 33.
fxg5 e5 34. Bf1 e4 35. Nd4 Rxh2 36. Rxc3 Bxd4+ 37. Kxd4 Rd2+ 38. Ke3 d4+ 39.
Kxd2 dxc3+ 40. Kxc3 Kg7 41. Kd4 Kg6 42. Kxe4 Kxg5 43. Bh3 h5 44. Bf5 f6 45. Be6
Kg6 46. Kf4 Kg7 47. Kf5 h4 48. g4 h3 49. Bc4 1-0

[Event "M.Chigorin Memorial"]
[Site "St. Petersburg RUS"]
[Date "2009.10.18"]
[Round "3.22"]
[White "Hovhannisyan, Robert"]
[Black "Zvjaginsev, Vadim"]
[Result "1-0"]
[WhiteElo "2463"]
[BlackElo "2635"]
[PlyCount "127"]
[EventDate "2009.??.??"]

1. e4 c5 2. Nf3 e6 3. d4 cxd4 4. Nxd4 Nc6 5. Nc3 d6 6. g4 h6 7. Be3 Nf6 8. f3
Bd7 9. Qd2 Be7 10. O-O-O Nxd4 11. Bxd4 Qa5 12. Kb1 Rc8 13. h4 e5 14. Be3 a6 15.
Be2 Be6 16. a3 Rxc3 17. Qxc3 Qxc3 18. bxc3 Kd7 19. c4 Kc6 20. Kb2 Nd7 21. g5 h5
22. Kc3 g6 23. Bf1 b5 24. cxb5+ axb5 25. Rb1 Rb8 26. a4 b4+ 27. Kd2 d5 28. Bb5+
Kc7 29. Ke2 dxe4 30. fxe4 Bg4+ 31. Kf2 f5 32. gxf6 Nxf6 33. Bd3 Bd7 34. Kg3 Bc6
35. Bg5 Nxe4+ 36. Bxe4 Bxg5 37. Bxc6 Bf4+ 38. Kf3 Kxc6 39. Rhg1 Kc5 40. Rxg6
Ra8 41. Ra1 Bd2 42. a5 Bc3 43. Ra2 Rf8+ 44. Kg2 e4 45. a6 e3 46. a7 e2 47. Ra5+
Kd4 48. Rd6+ Kc4 49. Rc6+ Kd4 50. a8=Q Rxa8 51. Rxa8 e1=N+ 52. Kh3 Nxc2 53.
Rd8+ Ke5 54. Rc5+ Ke4 55. Rxh5 Nd4 56. Rc5 Kd3 57. h5 b3 58. h6 b2 59. Rb8 Ne6
60. Rc6 Nf4+ 61. Kg4 Nd5 62. Rxc3+ Kxc3 63. Rxb2 Kxb2 64. Kg5 1-0

[Event "M.Chigorin Memorial"]
[Site "St. Petersburg RUS"]
[Date "2009.10.18"]
[Round "3.23"]
[White "Ponfilenok, Vladimir"]
[Black "Azarov, Sergei"]
[Result "0-1"]
[WhiteElo "2440"]
[BlackElo "2625"]
[PlyCount "82"]
[EventDate "2009.??.??"]

1. d4 Nf6 2. c4 g6 3. Nf3 Bg7 4. g3 O-O 5. Bg2 d5 6. O-O dxc4 7. Na3 c3 8. bxc3
c5 9. Nc4 Nc6 10. e3 Be6 11. Qe2 Qc8 12. Nfe5 Nd5 13. Qb2 Nxe5 14. Nxe5 Bxe5
15. dxe5 Nb6 16. Rd1 Bh3 17. Qb5 Bxg2 18. Kxg2 Qc7 19. e6 f6 20. Rb1 Qe5 21.
Kg1 Qxe6 22. Ba3 Nc4 23. Bxc5 Rac8 24. Bxa7 b6 25. a4 Rfd8 26. Qb3 Rxd1+ 27.
Rxd1 Kf7 28. Rd4 Rc6 29. h4 h5 30. Kh2 Kg7 31. Kg1 Qc8 32. a5 bxa5 33. Qa4 Ne5
34. Rd5 Rxc3 35. Bd4 Nf3+ 36. Kg2 Ne1+ 37. Kf1 Rc1 38. Rc5 Qh3+ 39. Ke2 Qg4+
40. Kd2 Rxc5 41. Kxe1 Rd5 0-1

[Event "M.Chigorin Memorial"]
[Site "St. Petersburg RUS"]
[Date "2009.10.18"]
[Round "3.25"]
[White "Rozum, Ivan"]
[Black "Andriasian, Zaven"]
[Result "1/2-1/2"]
[WhiteElo "2457"]
[BlackElo "2612"]
[PlyCount "46"]
[EventDate "2009.??.??"]

1. d4 d5 2. Nf3 Nf6 3. c4 c6 4. e3 e6 5. b3 Nbd7 6. Bd3 Bd6 7. Bb2 b6 8. O-O
Bb7 9. Nbd2 O-O 10. Ne5 c5 11. cxd5 Nxd5 12. Ndc4 Nxe5 13. dxe5 Be7 14. Qe2 f5
15. exf6 Bxf6 16. Ne5 Qe7 17. a3 Rad8 18. f4 Bxe5 19. Bxe5 Nf6 20. Rad1 Rd7 21.
Bxf6 gxf6 22. Bc4 Bd5 23. f5 Bxc4 1/2-1/2

[Event "M.Chigorin Memorial"]
[Site "St. Petersburg RUS"]
[Date "2009.10.18"]
[Round "3.26"]
[White "Lysyj, Igor"]
[Black "Levin, Evgeny A"]
[Result "1-0"]
[WhiteElo "2612"]
[BlackElo "2450"]
[PlyCount "65"]
[EventDate "2009.??.??"]

1. d4 Nf6 2. Nf3 g6 3. c4 Bg7 4. Nc3 d6 5. e4 O-O 6. h3 e5 7. d5 Na6 8. Bg5 Qe8
9. g4 Nd7 10. Rg1 Kh8 11. Be2 Ndc5 12. a3 f5 13. gxf5 gxf5 14. Nh4 fxe4 15. b4
Nd3+ 16. Bxd3 exd3 17. Ne4 Bd7 18. Qxd3 b5 19. Qe3 Qh5 20. cxb5 Bxb5 21. Ng3
Qf7 22. Ngf5 e4 23. O-O-O Be5 24. Ne7 Qh5 25. Rg4 Bd3 26. f4 Bg7 27. Nhg6+ hxg6
28. Rh4 Qxh4 29. Bxh4 Nc5 30. Nxg6+ Kg8 31. Ne7+ Kh7 32. bxc5 Rab8 33. Rxd3 1-0

[Event "M.Chigorin Memorial"]
[Site "St. Petersburg RUS"]
[Date "2009.10.18"]
[Round "3.27"]
[White "Bocharov, Dmitry"]
[Black "Goganov, Aleksey"]
[Result "1/2-1/2"]
[WhiteElo "2607"]
[BlackElo "2442"]
[PlyCount "138"]
[EventDate "2009.??.??"]

1. d4 d5 2. c4 c6 3. Nf3 Nf6 4. e3 Bf5 5. Nc3 e6 6. Nh4 Bg6 7. Nxg6 hxg6 8. Bd2
Nbd7 9. Qc2 Bd6 10. cxd5 exd5 11. Be2 Nb6 12. O-O-O Qc7 13. g3 O-O-O 14. f3
Rhe8 15. e4 dxe4 16. fxe4 Bb4 17. e5 Nfd5 18. Ne4 Be7 19. Rhe1 Kb8 20. Kb1 Nd7
21. Bf3 Nf8 22. Ng5 Bxg5 23. Bxg5 Ne7 24. Bg4 Rd5 25. Qf2 Nf5 26. Bxf5 gxf5 27.
e6 Kc8 28. Bf4 Qe7 29. exf7 Qxf7 30. Rxe8+ Qxe8 31. Re1 Ne6 32. Qe3 Kd7 33. Be5
Qg6 34. Ka1 a5 35. Qb3 Rb5 36. Qa3 Rd5 37. Qb3 Rb5 38. Qd3 Qh5 39. h4 Rd5 40.
Qb3 Rb5 41. Qa3 Rd5 42. Qb3 Rb5 43. Qe3 Qg4 44. Bb8 Qg6 45. a3 Rd5 46. Be5 Qg4
47. Bf4 Qg6 48. Bb8 Qe8 49. Be5 Qg6 50. Qb3 Rb5 51. Qd3 Qg4 52. Rf1 g6 53. Qe3
Rd5 54. Ka2 Qh5 55. Re1 Qh7 56. Ka1 Qf7 57. Rf1 Qh7 58. Rh1 Qh5 59. Re1 Qh7 60.
a4 Qe7 61. Bh8 Qe8 62. Qh6 Qf7 63. Qe3 Qe8 64. Be5 Qe7 65. Kb1 Qf8 66. Re2 Qe7
67. Bh8 Qe8 68. Be5 Qe7 69. Bh8 Qe8 1/2-1/2

[Event "M.Chigorin Memorial"]
[Site "St. Petersburg RUS"]
[Date "2009.10.18"]
[Round "3.28"]
[White "Vorobiov, Evgeny E"]
[Black "Vidit, Santosh Gujrathi"]
[Result "1/2-1/2"]
[WhiteElo "2606"]
[BlackElo "2423"]
[PlyCount "61"]
[EventDate "2009.??.??"]

1. d4 d5 2. c4 c6 3. Nf3 Nf6 4. e3 Bf5 5. Nc3 e6 6. Nh4 Be4 7. f3 Bg6 8. Qb3
Qb6 9. Nxg6 hxg6 10. Qc2 Nbd7 11. Bd2 Qc7 12. cxd5 cxd5 13. O-O-O a6 14. e4 Rc8
15. Kb1 b5 16. Qb3 dxe4 17. Nxe4 Be7 18. Rc1 Qb7 19. Rxc8+ Qxc8 20. Bd3 Qb8 21.
g3 O-O 22. Rc1 Qa7 23. Be3 Nd5 24. Bf2 Rd8 25. a3 N7b6 26. Nc5 Bf6 27. Ka2 Nd7
28. Be4 N7b6 29. Bd3 Nd7 30. Be4 N7b6 31. Bd3 1/2-1/2

[Event "M.Chigorin Memorial"]
[Site "St. Petersburg RUS"]
[Date "2009.10.18"]
[Round "3.29"]
[White "Burmakin, Vladimir"]
[Black "Smirnov, Artem"]
[Result "1-0"]
[WhiteElo "2599"]
[BlackElo "2432"]
[PlyCount "78"]
[EventDate "2009.??.??"]

1. Nf3 c5 2. g3 Nc6 3. Bg2 g6 4. d4 cxd4 5. Nxd4 Bg7 6. Nb3 d6 7. O-O Be6 8.
Nc3 Qd7 9. Nd5 Rc8 10. c3 Bh3 11. e4 Bxg2 12. Kxg2 e6 13. Nf4 Nf6 14. Qe2 O-O
15. Rd1 Rfd8 16. Nd3 b6 17. f3 Qb7 18. Be3 h6 19. Kg1 Ne7 20. Rd2 g5 21. Rad1
g4 22. Nf2 Ng6 23. Bd4 gxf3 24. Qxf3 Qe7 25. Nc1 e5 26. Be3 Qe6 27. Qf5 Rc6 28.
Ncd3 a5 29. Qxe6 fxe6 30. Ne1 d5 31. Nc2 Rdc8 32. Na3 Bf8 33. Nb5 Bc5 34. Re1
Bxe3 35. Rxe3 Rc5 36. a4 Rf8 37. Re1 Rc4 38. b3 Rc6 39. Kg2 h5 {
Çàïèñü íåðàçáîð~~èâà} 1-0

[Event "M.Chigorin Memorial"]
[Site "St. Petersburg RUS"]
[Date "2009.10.18"]
[Round "3.30"]
[White "Lovkov, Roman"]
[Black "Zhou, Weiqi"]
[Result "0-1"]
[WhiteElo "2435"]
[BlackElo "2593"]
[PlyCount "84"]
[EventDate "2009.??.??"]

1. d4 Nf6 2. c4 e6 3. Nc3 c5 4. d5 exd5 5. cxd5 d6 6. e4 g6 7. Bb5+ Nbd7 8. a4
Bg7 9. Nf3 O-O 10. O-O a6 11. Be2 Re8 12. Nd2 Rb8 13. Qc2 Ne5 14. h3 g5 15. Nf3
Nxf3+ 16. Bxf3 g4 17. hxg4 Bxg4 18. Qd1 h5 19. Bg5 Qd7 20. Qd3 b5 21. axb5 axb5
22. Bxg4 hxg4 23. Rae1 c4 24. Qc2 g3 25. fxg3 Ng4 26. Nd1 Bd4+ 27. Kh1 Re5 28.
Qd2 Bc5 29. Qf4 Rbe8 30. Bh4 b4 31. Qc1 f5 32. Qxc4 Rxe4 33. Rxe4 Rxe4 34. Qd3
Qe8 35. Qd2 Qh5 36. Re1 Rd4 37. Qe2 Rxd1 38. Qe6+ Qf7 39. Qc8+ Kh7 40. Rxd1
Nf2+ 41. Kh2 Nxd1 42. g4 Ne3 0-1